France, England, Denmark or Spain? Quiz Stats

 Plays Quiz Updated Feb 22, 2019

Score 0/20 Timer 06:00
4 Plays Today
Question Answer Wrong Answers
This country's residents consume more tea, per capita, than each of the other choices: England
94%
France
1%
Denmark
0.8%
Spain
0.6%
The 'Running of the Bulls' is held every year in this country: Spain
93.8%
France
0.9%
England
1.3%
Denmark
0.6%
The largest megalithic stone circle in the world is found at Avebury, in this country: England
90.9%
France
2.7%
Denmark
1.9%
Spain
1%
This country is home to the world's most profitable toy- LEGO: Denmark
89.6%
France
2%
England
4%
Spain
1%
The guillotine was last used in this country in 1977: France
87.7%
England
3.6%
Denmark
1.5%
Spain
3.7%
A writer from this country penned 'The Emperor's New Clothes', 'The Little Mermaid' and 'The Ugly Duckling': Denmark
77.9%
France
5.9%
England
10.8%
Spain
1.8%
This country's team won the 1966 FIFA World Cup on its home turf: England
74.8%
France
12.2%
Denmark
1.7%
Spain
7.8%
This country was predominantly under Moorish control from the 8th to 12th Centuries: Spain
72.9%
France
6.2%
England
9%
Denmark
8.2%
This country won the FIFA World Cup in South Africa in 2010: Spain
72.7%
France
18.5%
England
3.8%
Denmark
1.6%
This country is the largest in the European Union when counting only land area (counting only land area in/on the European continent): France
71.5%
England
2.7%
Denmark
8.4%
Spain
14.1%
This country is home to the title prince in Shakespeare's 'Hamlet': Denmark
68.2%
France
3.3%
England
23.2%
Spain
2%
The language of this country's royal court was French from 1066 to 1362 (but not before or after): England
64.2%
France
6.7%
Denmark
13.9%
Spain
11.8%
Counting overseas borders, this country's longest border is with Brazil: France
63.2%
England
6.4%
Denmark
4.2%
Spain
22.7%
This country's is the location of the world's longest continually occupied official royal residence: England
60.9%
France
3.7%
Denmark
22.2%
Spain
9.7%
Although same-sex marriage was not legalized until 2012, this country was the first to permit same-sex unions (in 1989): Denmark
57.1%
France
14.5%
England
17.1%
Spain
7.8%
This country did not participate as a combatant or suffer occupation in either World War: Spain
54.9%
France
0.9%
England
1.1%
Denmark
39.6%
This country's national flag is the oldest, by continuous use in the world with some claims that it goes back as far as the 13th C. (Guinness uses 1625): Denmark
46.9%
France
12.8%
England
26%
Spain
10.6%
Including all of its overseas territories, this country covers 12 time zones- the most in the world: France
41.5%
England
45.3%
Denmark
5%
Spain
4.8%
This country has the highest number of Nobel laureates in Literature (15): France
31.7%
England
53.9%
Denmark
7.5%
Spain
3.4%
This country has 44 UNESCO world heritage sites- only Italy and China have more: Spain
24.8%
France
44%
England
25.2%
Denmark
2.5%

You're not logged in!

Compare scores with friends on all Sporcle quizzes.
OR
Log In

Sporcle TV

Today on Sporcle TV


Watch our educational content, quiz creation guides, and fun videos on Sporcle TV.

Show Comments

Extras

Top Quizzes Today


Score Distribution

Your Account Isn't Verified!

In order to create a playlist on Sporcle, you need to verify the email address you used during registration. Go to your Sporcle Settings to finish the process.

Report this User

Report this user for behavior that violates our Community Guidelines.

Details: